|
|
|
|
| LEADER |
00000nam a22000005a 4500 |
| 001 |
vtls010521241 |
| 003 |
SK-MaSNL |
| 005 |
20260425235836.0 |
| 008 |
160430s2012 xo o 000 0 slo |
| 015 |
|
|
|a SNBE2013
|
| 020 |
|
|
|a (brož.)
|
| 040 |
|
|
|a SNK
|b slo
|c SNK
|e AACR2
|
| 041 |
0 |
|
|a slo
|a eng
|
| 043 |
|
|
|a e-xo---
|
| 044 |
|
|
|a xo
|c SK
|
| 072 |
|
7 |
|a 027
|x Univerzálne knižnice. Verejné knižnice
|2 konspekt
|
| 080 |
|
|
|a 027.5
|2 2001
|
| 080 |
|
|
|a 09
|2 2001
|
| 080 |
|
|
|a (437.6)
|2 2001
|
| 080 |
|
|
|a (036)
|2 2001
|
| 080 |
|
|
|a 091
|2 2001
|
| 245 |
0 |
0 |
|a Libri incogniti - Knihy nespoznané
|b Verejná knižnica Jána Bocatia v Košiciach . kultúrne zariadenie Košického samosprávneho kraja
|c text: Tomáš Ondrejšík ; anglický preklad: Marianna Dombrovská
|
| 260 |
|
|
|a Košice
|b Verejná knižnica Jána Bocatia
|c 2012
|
| 300 |
|
|
|a 20 s.
|b fotogr.
|c 15 x 21 cm
|
| 536 |
|
|
|a Vydané s finančnou podporou Terra Incognita - Krajina nespoznaná
|
| 610 |
2 |
7 |
|a Verejná knižnica Jána Bocatia v Košiciach
|2 SNKKAbucl
|9 29554
|
| 650 |
0 |
7 |
|a vzácne knižničné fondy
|2 SNKPH
|9 101237
|
| 650 |
0 |
7 |
|a Rare library collections
|2 SNKPHeng
|9 340473
|
| 650 |
0 |
7 |
|a rukopisy
|2 SNKPH
|9 1788
|
| 650 |
0 |
7 |
|a zbierky
|2 SNKPH
|9 247422
|
| 650 |
0 |
7 |
|a Collections
|2 SNKPHeng
|9 306410
|
| 650 |
0 |
7 |
|a Manuscripts
|2 SNKPHeng
|9 298503
|
| 651 |
|
7 |
|a Slovensko
|2 SNKPH
|9 14231
|
| 651 |
|
7 |
|a Slovakia
|2 SNKPHeng
|9 92630
|
| 655 |
|
7 |
|a informačné publikácie
|2 SNKPH
|9 70181
|
| 655 |
|
7 |
|a Information publications
|2 SNKPHeng
|9 265188
|
| 700 |
1 |
|
|a Ondrejšík, Tomáš,
|d 1986-
|4 aut
|9 364203
|
| 700 |
1 |
|
|a Dombrovská, Marianna,
|d 1948-
|4 trl
|9 42013
|
| 710 |
2 |
|
|a Verejná knižnica Jána Bocatia v Košiciach
|4 pbl
|9 29554
|
| 999 |
|
|
|c 839528
|d 841458
|
| 952 |
|
|
|a SNK
|b SNK
|y PREZ
|7 0
|p 17A1069513
|o snkOSE 4882
|i snk2013/14193
|8 0
|0 0
|1 0
|4 0
|d 2013-06-19
|l 0
|r 2026-02-24 04:06:41
|w 2026-02-24
|